00577nam a2200193Ia 4500008004100000020000700041082001200048100001600060245002500076250000800101260003000109300002700139500001900166600003300185650001600218942000700234952012700241999001500368240925s9999 xx 000 0 und d aNA a512 YUS aYusuf, S.M. 0aMathematical Methods a2nd aLahore:bIslamiatc,1996. ax,554p.bN.AfOriginal aIncludes Index aHumanities & Natural Science aMathematics cBK 011440708HUMaUITUbUITUd1997-08-27eZamir Book Centerg554.00l0o512 YUSpQ0631r2024-09-25 07:12:09w2024-09-25yBK c3130d3130